Irene, or, Beach-broken billows : a story /

Bibliographic Details
Main Author: Baer, B. F. (Benjamin F.), Mrs.
Format: Microform Book
Language:English
Published: New York : Author's Publishing Co., 1875.

MARC

Tag First Indicator Second Indicator Subfields
LEADER 00000cam a2200000 a 4500
001 in00000753181
005 20151016160422.0
007 hd afa014baca
008 840209s1875 ctu a 00011 eng d
035 |a (OCoLC)10395942 
035 |9 ADJ0552AM 
040 |a FDA  |c LWS  |d UtOrBLW 
049 |a TXAI 
090 |a PS15 
099 |a film  |a B  |a 1551 
100 1 |a Baer, B. F.  |q (Benjamin F.),  |c Mrs. 
245 1 0 |a Irene, or, Beach-broken billows :  |b a story /  |c by Mrs. B.F. Baer. 
264 1 |a New York :  |b Author's Publishing Co.,  |c 1875. 
300 |a 175 pages 
336 |a text  |b txt  |2 rdacontent 
337 |a microform  |b h  |2 rdamedia 
338 |a microfilm reel  |b hd  |2 rdacarrier 
533 |a Microfilm.  |b Woodbridge, Conn. :  |c Research Publications,  |d 1970-1978.  |e 1 microfilm reel ; 35 mm.  |f (Wright American fiction ; v. 2 (1851-1875), reel B-2, no. 174) 
500 |a Film includes multiple images of some pages. 
500 |a Microform. 
870 1 9 |j 100/1  |a Baer, Benjamin F.,  |c Mrs. 
999 |a MARS 
999 f f |s 7115c1b2-b8c3-3738-98ca-0ad13c956bda  |i 9ea12eaa-62f5-331c-9960-75baf49b4f84  |t 0 
952 f f |p default  |a Texas A&M University  |b College Station  |c Sterling C. Evans Library  |d Evans: Microforms (3rd floor)  |t 0  |e film B 1551 v.2 reel B-2 no.174  |h Other scheme  |i microform -- microfilm reel 
998 f f |a film B 1551 v.2 reel B-2 no.174  |t 0  |l Evans: Microforms (3rd floor)